Normal view
MARC view
- Sarwar, Ayesha
Entry Personal Name
001 - CONTROL NUMBER
- control field: 96682
003 - CONTROL NUMBER IDENTIFIER
- control field: NUST
005 - DATE AND TIME OF LATEST TRANSACTION
- control field: 20220810103109.0
008 - FIXED-LENGTH DATA ELEMENTS
- fixed length control field: 220810|| aca||aabn | a|a d
040 ## - CATALOGING SOURCE
- Original cataloging agency: NUST
- Transcribing agency: NUST
100 ## - HEADING--PERSONAL NAME
- Personal name: Sarwar, Ayesha
670 ## - SOURCE DATA FOUND
- Source citation: Work cat.: (NUST): Sarwar, Ayesha , Text Summarization from Judicial Records using Deep Neural Machines /
